| 000 | 00387nam a22001457a 4500 | ||
|---|---|---|---|
| 999 |
_c15596 _d15596 |
||
| 003 | OSt | ||
| 008 | 190517b ||||| |||| 00| 0 eng d | ||
| 020 | _a9789351246398 | ||
| 082 |
_a639.20954 _bBIS/DE |
||
| 100 |
_aBiswas, K P _94076 |
||
| 245 | _aDesign, construction and uses of trawl fishing gear | ||
| 260 |
_aNew Delhi _bDaya Publishing House _c2015 |
||
| 300 | _a238 p. | ||
| 942 | _cBK | ||